Pokémon - Les attaques de Gigansel - Statistiques

Statistiques générales
  • Ce quiz a été pris 14 fois
  • Le résultat moyen est 15 sur 19
Statistiques - réponses
Niveaux Types Noms des attaques % Correct
Départ Normal Charge
100%
Niveau 34 Roche Éboulement
100%
Niveau 54 Roche Lame de Roc
100%
Niveau 24 Roche Salaison
100%
Niveau 49 Sol Séisme
100%
Niveau 5 Roche Jet-Pierres
90%
Niveau 40 Roche Piège de Roc
90%
Niveau 13 Roche Poliroche
90%
Niveau 44 Acier Tacle Lourd
90%
Niveau 7 Sol Tir de Boue
90%
Niveau 10 Roche Tomberoche
90%
Départ Roche Boule Roc
80%
Niveau 60 Normal Explosion
70%
Départ Roche Garde Large
60%
Départ Évolution Combat Marto-Poing
60%
Niveau 16 Normal Coup d'Boule
50%
Niveau 30 Normal Soin
50%
Départ Normal Armure
40%
Départ Normal Barrage
0%
Aucun quiz correspondant
Distribution des résultats
% des personnes avec chaque résultat
Percentile par nombre de réponses
Votre historique - résultats
Vous n’avez pas pris ce quiz